000 00912cam a2200217 4500
001 WB3804-17
008 020129n2002 000 0 eng u
035 _a(Sirsi) u116524
245 _aCode ends tick-box era
260 _c2002
490 _aHousing Today
_v(268) 24 January 2002, 3(1)
520 _aThe Housing Corporation has unveiled new regulation and inspection systems which may mean quicker intervention for under performing housing associations. The 10-page code and guidance, "The way forward: our approach to regulation", and "Inspection: our approach" are available from the Housing Corporation, t: 020 7393 2228 http://www.housingcorp.gov.uk
590 _aWB
650 _aHOUSING CORPORATION
650 _aHOUSING ASSOCIATIONS
650 _aGUIDANCE
650 _aREGULATIONS
650 _aPERFORMANCE
690 _aMANAGEMENT-BUSINESS MANAGEMENT-PROFESSIONAL PRACTICE
942 _n0
999 _c69381
_d69381